| 000 | 01070nam a2200301 4500 | ||
|---|---|---|---|
| 003 | OSt | ||
| 005 | 20260601193843.0 | ||
| 008 | 260507b1987 waua|||| |||| 00| 0 eng d | ||
| 020 | _a0913962872 | ||
| 040 |
_aICI _bspa _cICI |
||
| 041 | _aeng | ||
| 050 |
_aNA2550 _b.P45 1987 |
||
| 100 | 1 |
_aPeña, William M., _eautor _930971 |
|
| 245 | 1 |
_aProblem seeking : _ban architectural programming primer / _cWilliam M. Peña ; Steven Parshall ; Kevin Kelly |
|
| 264 |
_aWashington, D.C. : _bAIA Press Wahington DC., _c1987 |
||
| 300 |
_a202 páginas : _bilustraciones |
||
| 336 |
_atexto _2rdacontent |
||
| 337 |
_asin medio _2rdamedia |
||
| 338 |
_avolumen _2rdacarrier |
||
| 650 |
_aArquitectura _xProgramación _930972 |
||
| 650 |
_aDiseño arquitectónico _xMetodología _930973 |
||
| 650 |
_aPlaneación de proyectos arquitectónicos _930974 |
||
| 650 |
_aArquitectura _xAnálisis de datos _930975 |
||
| 650 |
_aResolución de problemas en arquitectura _930976 |
||
| 700 |
_aParshall, Steven, _eautor _930977 |
||
| 700 |
_aKelly, Kevin, _eautor _930978 |
||
| 942 |
_2lcc _cB _n1 |
||
| 999 |
_c21508 _d21508 |
||